000
00338pam a2200157a 44500
008
230515b1999 xxu||||| |||| 00| 0 eng d
020
_a
NULL
041
_a
ENGL
082
_a
SHO
100
_a
SHOW M.C.
245
_a
METAL CUTTING PRINCIPLES
250
_a
N.D.
260
_a
NULL
_b
C.B.S
_c
1999
300
_a
594 PB
650
_a
NULL
999
_c
659206
_d
659206